000 00524nam a22001817a 4500
003 LK-CoDNM
005 20250123104715.0
008 250123b |||||||| |||| 00| 0 eng d
040 _aLK-CoDNM
_dLK-CoDNM
_eLK-CoDNM
041 _aeng
080 _a13
_bD2
100 _aOsborn,Henry Fairfield
245 _aFrom the Greeks to Darwin An outline of the development of the evolution idea II Edition
260 _aNew york
_b London:The Macmillan Company
_c1905
300 _a259p ; 21 cm
650 _aGreek
942 _cBK
999 _c237283
_d237283